[Event "DEM U16w 2024"]
[Site "Willingen GER"]
[Date "2024.05.19"]
[Round "2"]
[White "Haug, Mara"]
[Black "Moldovan, Tatiana"]
[Result "1-0"]
[Termination "normal"]
[Board "4"]
[WhiteElo "1871"]
[BlackElo "1708"]
[WhiteClock "00:18:55"]
[BlackClock "00:42:12"]
[PlyCount "159"]
[WhiteFideId "16259300"]
[BlackFideId "16287398"]
[EventCountry "GER"]
[EventRounds "9"]
[EventType "swiss"]
[EventDate "2024.05.18"]

1. e4 {[%clk 01:30:58]} {[%emt 00:00:02]} c5 {[%clk 01:30:43]} {[%emt
00:00:17]} 2. Nf3 {[%clk 01:31:22]} {[%emt 00:00:05]} e6 {[%clk 01:30:39]}
{[%emt 00:00:34]} 3. d4 {[%clk 01:31:37]} {[%emt 00:00:15]} cxd4 {[%clk
01:30:51]} {[%emt 00:00:19]} 4. Nxd4 {[%clk 01:31:59]} {[%emt 00:00:08]} Nf6
{[%clk 01:31:14]} {[%emt 00:00:06]} 5. Nc3 {[%clk 01:32:16]} {[%emt 00:00:14]}
Bb4 {[%clk 01:30:42]} {[%emt 00:01:01]} 6. Bd3 {[%clk 01:28:18]} {[%emt
00:04:28]} a6 {[%clk 01:29:31]} {[%emt 00:01:42]} 7. O-O {[%clk 01:27:45]}
{[%emt 00:01:03]} Nc6 {[%clk 01:29:20]} {[%emt 00:00:42]} 8. Nf3 {[%clk
01:24:37]} {[%emt 00:03:36]} Qc7 {[%clk 01:25:57]} {[%emt 00:03:54]} 9. Ne2
{[%clk 01:20:28]} {[%emt 00:04:38]} Bd6 {[%clk 01:23:48]} {[%emt 00:02:40]} 10.
Re1 {[%clk 01:15:32]} {[%emt 00:05:24]} h6 {[%clk 01:22:29]} {[%emt 00:01:51]}
11. Bd2 {[%clk 01:12:44]} {[%emt 00:03:17]} b5 {[%clk 01:21:39]} {[%emt
00:01:20]} 12. Qc1 {[%clk 01:10:15]} {[%emt 00:02:57]} Bb7 {[%clk 01:14:31]}
{[%emt 00:07:40]} 13. Bf4 {[%clk 01:06:47]} {[%emt 00:03:58]} Nh5 {[%clk
01:12:41]} {[%emt 00:02:21]} 14. Bxd6 {[%clk 01:06:36]} {[%emt 00:00:41]} Qxd6
{[%clk 01:13:00]} {[%emt 00:00:10]} 15. Qe3 {[%clk 01:04:52]} {[%emt 00:02:13]}
e5 {[%clk 01:08:02]} {[%emt 00:05:29]} 16. Rad1 {[%clk 00:55:14]} {[%emt
00:10:08]} Qe7 {[%clk 01:01:42]} {[%emt 00:06:50]} 17. c4 {[%clk 00:52:10]}
{[%emt 00:03:34]} bxc4 {[%clk 01:00:05]} {[%emt 00:02:07]} 18. Bxc4 {[%clk
00:52:27]} {[%emt 00:00:13]} O-O {[%clk 00:57:54]} {[%emt 00:02:41]} 19. Nc3
{[%clk 00:46:55]} {[%emt 00:06:01]} Nf4 {[%clk 00:52:31]} {[%emt 00:05:54]} 20.
Nd5 {[%clk 00:46:28]} {[%emt 00:00:56]} Nxd5 {[%clk 00:52:46]} {[%emt
00:00:16]} 21. exd5 {[%clk 00:33:04]} {[%emt 00:13:55]} Na5 {[%clk 00:47:45]}
{[%emt 00:05:31]} 22. d6 {[%clk 00:30:05]} {[%emt 00:03:28]} Qf6 {[%clk
00:47:10]} {[%emt 00:01:05]} 23. Bd5 {[%clk 00:29:31]} {[%emt 00:01:05]} Bxd5
{[%clk 00:45:49]} {[%emt 00:01:51]} 24. Rxd5 {[%clk 00:27:26]} {[%emt
00:02:34]} Nc4 {[%clk 00:44:55]} {[%emt 00:01:24]} 25. Qe2 {[%clk 00:24:15]}
{[%emt 00:03:40]} Nxd6 {[%clk 00:44:24]} {[%emt 00:01:02]} 26. Qxe5 {[%clk
00:23:21]} {[%emt 00:01:24]} Ne8 {[%clk 00:43:30]} {[%emt 00:01:24]} 27. Rxd7
{[%clk 00:20:56]} {[%emt 00:02:55]} Qxe5 {[%clk 00:42:29]} {[%emt 00:01:31]}
28. Rxe5 {[%clk 00:20:29]} {[%emt 00:00:58]} Nf6 {[%clk 00:42:51]} {[%emt
00:00:08]} 29. Rd2 {[%clk 00:19:45]} {[%emt 00:01:11]} Ra7 {[%clk 00:42:12]}
{[%emt 00:01:11]} 30. h3 {[%clk 00:18:55]} Rc8 {[%clk 00:42:12]} 31. Re1 {[%clk
00:18:55]} Rc6 {[%clk 00:42:12]} 32. Kf1 {[%clk 00:18:55]} Rac7 {[%clk
00:42:12]} 33. g3 {[%clk 00:18:55]} Rc2 {[%clk 00:42:12]} 34. Rxc2 {[%clk
00:18:55]} Rxc2 {[%clk 00:42:12]} 35. Re2 {[%clk 00:18:55]} Rc1+ {[%clk
00:42:12]} 36. Kg2 {[%clk 00:18:55]} Rc6 {[%clk 00:42:12]} 37. Nd4 {[%clk
00:18:55]} Rd6 {[%clk 00:42:12]} 38. Nf5 {[%clk 00:18:55]} Rb6 {[%clk
00:42:12]} 39. b3 {[%clk 00:18:55]} Kf8 {[%clk 00:42:12]} 40. Rd2 {[%clk
00:18:55]} Ne8 {[%clk 00:42:12]} 41. Rd8 {[%clk 00:18:55]} Re6 {[%clk
00:42:12]} 42. Ra8 {[%clk 00:18:55]} h5 {[%clk 00:42:12]} 43. Ne3 {[%clk
00:18:55]} Rd6 {[%clk 00:42:12]} 44. Kf1 {[%clk 00:18:55]} g6 {[%clk 00:42:12]}
45. Nc4 {[%clk 00:18:55]} Re6 {[%clk 00:42:12]} 46. Ra7 {[%clk 00:18:55]} Nf6
{[%clk 00:42:12]} 47. Nd2 {[%clk 00:18:55]} Nd5 {[%clk 00:42:12]} 48. Nf3
{[%clk 00:18:55]} f6 {[%clk 00:42:12]} 49. Nh4 {[%clk 00:18:55]} Ne7 {[%clk
00:42:12]} 50. b4 {[%clk 00:18:55]} Ke8 {[%clk 00:42:12]} 51. a3 {[%clk
00:18:55]} Kd8 {[%clk 00:42:12]} 52. Nf3 Nc8 53. Rg7 Ne7 54. Rh7 Kc7 55. Nd4
Re4 56. Nb3 Kb6 57. Nc5 Rc4 58. Rxe7 a5 59. Nd3 Rc3 60. bxa5+ Kxa5 61. Ke2 Kb5
62. Re6 Rxa3 63. Rxf6 Kc4 64. Nf4 Ra2+ 65. Kf3 Ra3+ 66. Kg2 g5 67. Nxh5 Ra5 68.
g4 Kd4 69. Rf5 Rxf5 70. gxf5 Ke5 71. Ng3 Kf6 72. Kf3 Ke5 73. Kg4 Kf6 74. Ne4+
Kf7 75. Kxg5 Kg7 76. f6+ Kf7 77. Kf5 Kf8 78. Kg6 Kg8 79. f7+ Kh8 80. f8=R# 1-0

[Event "DEM U16w 2024"]
[Site "Willingen GER"]
[Date "2024.05.19"]
[Round "2"]
[White "Bezsonna, Polina"]
[Black "Wilmink, Anna"]
[Result "1-0"]
[Termination "normal"]
[Board "5"]
[WhiteElo "1788"]
[BlackElo "1903"]
[WhiteClock "00:03:34"]
[BlackClock "00:11:29"]
[PlyCount "127"]
[WhiteFideId "14191156"]
[BlackFideId "16273680"]
[EventCountry "GER"]
[EventRounds "9"]
[EventType "swiss"]
[EventDate "2024.05.18"]

1. e4 {[%clk 01:30:58]} {[%emt 00:00:01]} e6 {[%clk 01:30:53]} {[%emt
00:00:07]} 2. d4 {[%clk 01:31:20]} {[%emt 00:00:09]} d5 {[%clk 01:31:16]}
{[%emt 00:00:06]} 3. Nc3 {[%clk 01:31:41]} {[%emt 00:00:10]} Nf6 {[%clk
01:31:28]} {[%emt 00:00:17]} 4. Bg5 {[%clk 01:31:51]} {[%emt 00:00:21]} Be7
{[%clk 01:28:01]} {[%emt 00:03:56]} 5. e5 {[%clk 01:32:12]} {[%emt 00:00:09]}
Nfd7 {[%clk 01:27:57]} {[%emt 00:00:33]} 6. Bxe7 {[%clk 01:32:24]} {[%emt
00:00:19]} Qxe7 {[%clk 01:28:12]} {[%emt 00:00:16]} 7. f4 {[%clk 01:32:46]}
{[%emt 00:00:08]} a6 {[%clk 01:27:04]} {[%emt 00:01:38]} 8. Qg4 {[%clk
01:32:14]} {[%emt 00:01:01]} f5 {[%clk 01:09:48]} {[%emt 00:17:46]} 9. Qh5+
{[%clk 01:32:28]} {[%emt 00:00:16]} g6 {[%clk 01:08:08]} {[%emt 00:02:10]} 10.
Qh6 {[%clk 01:31:05]} {[%emt 00:01:54]} Qf8 {[%clk 01:04:11]} {[%emt 00:04:27]}
11. Qxf8+ {[%clk 01:27:00]} {[%emt 00:04:34]} Kxf8 {[%clk 01:03:56]} {[%emt
00:00:46]} 12. Nf3 {[%clk 01:26:52]} {[%emt 00:00:37]} c5 {[%clk 01:02:05]}
{[%emt 00:02:22]} 13. O-O-O {[%clk 01:26:45]} {[%emt 00:00:37]} Nc6 {[%clk
01:00:56]} {[%emt 00:01:38]} 14. h3 {[%clk 01:25:40]} {[%emt 00:01:35]} b5
{[%clk 00:59:17]} {[%emt 00:02:09]} 15. g4 {[%clk 01:16:27]} {[%emt 00:09:43]}
cxd4 {[%clk 00:54:25]} {[%emt 00:05:23]} 16. Nxd4 {[%clk 01:16:49]} {[%emt
00:00:08]} Nxd4 {[%clk 00:54:41]} {[%emt 00:00:14]} 17. Rxd4 {[%clk 01:17:13]}
{[%emt 00:00:06]} Bb7 {[%clk 00:53:49]} {[%emt 00:01:22]} 18. Bg2 {[%clk
01:13:16]} {[%emt 00:04:26]} Ke7 {[%clk 00:49:36]} {[%emt 00:04:43]} 19. Rdd1
{[%clk 00:57:30]} {[%emt 00:16:16]} Rac8 {[%clk 00:43:33]} {[%emt 00:06:33]}
20. Ne2 {[%clk 00:57:07]} {[%emt 00:00:54]} Nb6 {[%clk 00:33:55]} {[%emt
00:10:08]} 21. b3 {[%clk 00:53:09]} {[%emt 00:04:28]} a5 {[%clk 00:28:29]}
{[%emt 00:05:55]} 22. Nd4 {[%clk 00:51:30]} {[%emt 00:02:09]} Ba6 {[%clk
00:27:31]} {[%emt 00:01:28]} 23. Bf1 {[%clk 00:46:17]} {[%emt 00:05:43]} Rc5
{[%clk 00:14:38]} {[%emt 00:13:23]} 24. gxf5 {[%clk 00:38:36]} {[%emt
00:08:12]} gxf5 {[%clk 00:14:26]} {[%emt 00:00:42]} 25. Rg1 {[%clk 00:38:53]}
{[%emt 00:00:13]} Kf7 {[%clk 00:11:08]} {[%emt 00:03:48]} 26. Rg7+ {[%clk
00:37:58]} {[%emt 00:01:25]} Kxg7 {[%clk 00:06:20]} {[%emt 00:05:17]} 27. Nxe6+
{[%clk 00:38:19]} {[%emt 00:00:09]} Kf7 {[%clk 00:06:23]} {[%emt 00:00:28]} 28.
Nxc5 {[%clk 00:38:40]} {[%emt 00:00:09]} Ra8 {[%clk 00:04:47]} {[%emt
00:02:05]} 29. Nxa6 {[%clk 00:33:39]} {[%emt 00:05:32]} Rxa6 {[%clk 00:05:11]}
{[%emt 00:00:06]} 30. Bxb5 {[%clk 00:34:05]} {[%emt 00:00:03]} Ra7 {[%clk
00:03:59]} {[%emt 00:01:42]} 31. Rg1 {[%clk 00:29:41]} {[%emt 00:04:54]} h6
{[%clk 00:03:03]} {[%emt 00:01:26]} 32. Bd3 {[%clk 00:29:55]} {[%emt 00:00:16]}
a4 {[%clk 00:01:50]} {[%emt 00:01:43]} 33. Kb2 {[%clk 00:30:02]} {[%emt
00:00:23]} d4 {[%clk 00:01:35]} {[%emt 00:00:45]} 34. a3 {[%clk 00:26:01]}
{[%emt 00:04:32]} Rb7 {[%clk 00:01:20]} {[%emt 00:00:45]} 35. h4 {[%clk
00:17:50]} {[%emt 00:08:41]} axb3 {[%clk 00:01:13]} {[%emt 00:00:37]} 36. cxb3
{[%clk 00:18:15]} {[%emt 00:00:04]} Na4+ {[%clk 00:01:15]} {[%emt 00:00:28]}
37. Kc2 {[%clk 00:18:34]} {[%emt 00:00:11]} Nb6 {[%clk 00:00:54]} {[%emt
00:00:51]} 38. Bc4+ {[%clk 00:12:19]} {[%emt 00:06:45]} Nxc4 {[%clk 00:01:07]}
{[%emt 00:00:18]} 39. bxc4 {[%clk 00:12:01]} {[%emt 00:00:47]} d3+ {[%clk
00:00:45]} {[%emt 00:00:52]} 40. Kxd3 {[%clk 00:12:11]} {[%emt 00:00:19]} Rb3+
{[%clk 00:01:09]} {[%emt 00:00:07]} 41. Kd4 {[%clk 00:12:30]} {[%emt 00:00:11]}
Rxa3 {[%clk 00:00:32]} {[%emt 00:01:08]} 42. c5 {[%clk 00:00:48]} {[%emt
00:12:11]} Rf3 {[%clk 00:28:13]} {[%emt 00:02:49]} 43. Kd5 {[%clk 00:30:52]}
{[%emt 00:00:26]} Rxf4 {[%clk 00:27:29]} {[%emt 00:01:14]} 44. c6 {[%clk
00:30:43]} {[%emt 00:00:40]} Rf2 {[%clk 00:26:33]} {[%emt 00:01:25]} 45. Kd6
{[%clk 00:09:25]} {[%emt 00:21:48]} Rd2+ {[%clk 00:22:06]} {[%emt 00:04:56]}
46. Kc7 {[%clk 00:09:04]} {[%emt 00:00:52]} Rc2 {[%clk 00:18:06]} {[%emt
00:04:30]} 47. Rb1 {[%clk 00:04:37]} {[%emt 00:04:58]} Ke7 {[%clk 00:15:23]}
{[%emt 00:03:12]} 48. Kb7 {[%clk 00:04:47]} {[%emt 00:00:20]} Kd8 {[%clk
00:15:19]} {[%emt 00:00:35]} 49. e6 {[%clk 00:03:40]} {[%emt 00:01:36]} f4
{[%clk 00:14:31]} {[%emt 00:01:18]} 50. e7+ {[%clk 00:02:59]} {[%emt 00:01:11]}
Kxe7 {[%clk 00:14:14]} {[%emt 00:00:47]} 51. c7 {[%clk 00:03:00]} {[%emt
00:00:29]} Kd7 {[%clk 00:13:43]} {[%emt 00:01:00]} 52. Rd1 {[%clk 00:03:06]}
{[%emt 00:00:24]} Ke6 {[%clk 00:14:00]} {[%emt 00:00:14]} 53. c8=Q+ {[%clk
00:03:06]} {[%emt 00:00:30]} Rxc8 {[%clk 00:14:18]} {[%emt 00:00:12]} 54. Kxc8
{[%clk 00:03:33]} {[%emt 00:00:03]} Kf5 {[%clk 00:14:30]} {[%emt 00:00:18]} 55.
Kd7 {[%clk 00:01:44]} {[%emt 00:02:19]} Kg4 {[%clk 00:14:02]} {[%emt 00:00:57]}
56. Rh1 {[%clk 00:01:51]} {[%emt 00:00:24]} f3 {[%clk 00:13:30]} {[%emt
00:01:03]} 57. Ke6 {[%clk 00:01:52]} {[%emt 00:00:28]} Kg3 {[%clk 00:12:42]}
{[%emt 00:01:18]} 58. Kf5 {[%clk 00:01:59]} {[%emt 00:00:23]} f2 {[%clk
00:11:31]} {[%emt 00:01:40]} 59. Kg6 {[%clk 00:01:57]} {[%emt 00:00:32]} Kg2
{[%clk 00:11:22]} {[%emt 00:00:40]} 60. Rd1 {[%clk 00:02:17]} {[%emt 00:00:08]}
Kg3 {[%clk 00:11:20]} {[%emt 00:00:28]} 61. h5 {[%clk 00:02:26]} {[%emt
00:00:26]} Kg2 {[%clk 00:10:53]} {[%emt 00:00:58]} 62. Kxh6 {[%clk 00:02:45]}
{[%emt 00:00:11]} f1=Q {[%clk 00:11:09]} {[%emt 00:00:14]} 63. Rxf1 {[%clk
00:03:11]} {[%emt 00:00:04]} Kxf1 {[%clk 00:11:29]} {[%emt 00:00:10]} 64. Kg7
{[%clk 00:03:34]} {[%emt 00:00:07]} 1-0

[Event "DEM U16w 2024"]
[Site "Willingen GER"]
[Date "2024.05.19"]
[Round "2"]
[White "Jacobasch, Ronja"]
[Black "Fock, Madiha"]
[Result "1-0"]
[Termination "normal"]
[Board "6"]
[WhiteElo "1813"]
[BlackElo "1780"]
[WhiteClock "00:03:21"]
[BlackClock "00:08:18"]
[PlyCount "93"]
[WhiteFideId "34604340"]
[BlackFideId "16253574"]
[EventCountry "GER"]
[EventRounds "9"]
[EventType "swiss"]
[EventDate "2024.05.18"]

1. Nf3 {[%clk 01:30:58]} {[%emt 00:00:01]} c5 {[%clk 01:30:56]} {[%emt
00:00:04]} 2. g3 {[%clk 01:31:21]} {[%emt 00:00:07]} Nc6 {[%clk 01:31:22]}
{[%emt 00:00:04]} 3. Bg2 {[%clk 01:31:41]} {[%emt 00:00:10]} g6 {[%clk
01:31:44]} {[%emt 00:00:08]} 4. c3 {[%clk 01:28:26]} {[%emt 00:03:46]} Bg7
{[%clk 01:27:15]} {[%emt 00:04:58]} 5. O-O {[%clk 01:23:27]} {[%emt 00:05:29]}
e6 {[%clk 01:24:50]} {[%emt 00:02:55]} 6. e4 {[%clk 01:21:28]} {[%emt
00:02:28]} Nge7 {[%clk 01:20:18]} {[%emt 00:05:02]} 7. Re1 {[%clk 01:18:21]}
{[%emt 00:03:37]} e5 {[%clk 01:12:06]} {[%emt 00:08:43]} 8. d3 {[%clk
01:15:38]} {[%emt 00:03:12]} O-O {[%clk 01:05:06]} {[%emt 00:07:31]} 9. Be3
{[%clk 01:10:13]} {[%emt 00:05:55]} d6 {[%clk 01:03:55]} {[%emt 00:01:41]} 10.
d4 {[%clk 01:06:43]} {[%emt 00:04:00]} b6 {[%clk 01:00:38]} {[%emt 00:03:48]}
11. Na3 {[%clk 00:59:48]} {[%emt 00:07:24]} Ba6 {[%clk 00:56:24]} {[%emt
00:04:45]} 12. Qd2 {[%clk 00:57:27]} {[%emt 00:02:51]} Rc8 {[%clk 00:48:17]}
{[%emt 00:08:37]} 13. Rac1 {[%clk 00:54:49]} {[%emt 00:03:07]} Na5 {[%clk
00:41:01]} {[%emt 00:07:46]} 14. b3 {[%clk 00:47:03]} {[%emt 00:08:16]} Qc7
{[%clk 00:38:44]} {[%emt 00:02:47]} 15. d5 {[%clk 00:44:27]} {[%emt 00:03:05]}
c4 {[%clk 00:35:44]} {[%emt 00:03:30]} 16. b4 {[%clk 00:42:12]} {[%emt
00:02:46]} Nb7 {[%clk 00:35:22]} {[%emt 00:00:52]} 17. b5 {[%clk 00:37:02]}
{[%emt 00:05:39]} Nc5 {[%clk 00:35:49]} {[%emt 00:00:03]} 18. bxa6 {[%clk
00:35:47]} {[%emt 00:01:46]} Nd3 {[%clk 00:36:16]} {[%emt 00:00:03]} 19. Bf1
{[%clk 00:33:57]} {[%emt 00:02:20]} Nxe1 {[%clk 00:34:41]} {[%emt 00:02:05]}
20. Qxe1 {[%clk 00:33:49]} {[%emt 00:00:38]} Qd7 {[%clk 00:30:17]} {[%emt
00:04:54]} 21. Nxc4 {[%clk 00:31:28]} {[%emt 00:02:51]} h6 {[%clk 00:26:51]}
{[%emt 00:03:56]} 22. Qe2 {[%clk 00:27:56]} {[%emt 00:04:02]} Qc7 {[%clk
00:23:37]} {[%emt 00:03:45]} 23. a4 {[%clk 00:25:39]} {[%emt 00:02:47]} f5
{[%clk 00:23:13]} {[%emt 00:00:53]} 24. Qc2 {[%clk 00:20:06]} {[%emt 00:06:02]}
g5 {[%clk 00:17:23]} {[%emt 00:06:21]} 25. exf5 {[%clk 00:15:07]} {[%emt
00:05:29]} Nxf5 {[%clk 00:17:48]} {[%emt 00:00:05]} 26. Qe4 {[%clk 00:12:17]}
{[%emt 00:03:20]} Nxe3 {[%clk 00:16:51]} {[%emt 00:01:27]} 27. Qxe3 {[%clk
00:12:16]} {[%emt 00:00:32]} Rf6 {[%clk 00:16:46]} {[%emt 00:00:34]} 28. Nfd2
{[%clk 00:11:22]} {[%emt 00:01:24]} Rcf8 {[%clk 00:14:14]} {[%emt 00:03:02]}
29. Ne4 {[%clk 00:11:18]} {[%emt 00:00:35]} Rf3 {[%clk 00:14:39]} {[%emt
00:00:04]} 30. Qe2 {[%clk 00:10:50]} {[%emt 00:00:58]} Qd7 {[%clk 00:13:09]}
{[%emt 00:02:00]} 31. Bg2 {[%clk 00:10:13]} {[%emt 00:01:07]} R3f7 {[%clk
00:12:41]} {[%emt 00:00:57]} 32. Ncxd6 {[%clk 00:09:10]} {[%emt 00:01:33]} Re7
{[%clk 00:12:37]} {[%emt 00:00:35]} 33. Nb5 {[%clk 00:09:00]} {[%emt 00:00:40]}
Kh8 {[%clk 00:09:19]} {[%emt 00:03:48]} 34. c4 {[%clk 00:08:31]} {[%emt
00:00:59]} Rc8 {[%clk 00:08:33]} {[%emt 00:01:16]} 35. Qd2 {[%clk 00:06:49]}
{[%emt 00:02:12]} Qg4 {[%clk 00:06:57]} {[%emt 00:02:06]} 36. c5 {[%clk
00:04:19]} {[%emt 00:02:59]} bxc5 {[%clk 00:06:55]} {[%emt 00:00:32]} 37. Rxc5
{[%clk 00:04:25]} {[%emt 00:00:25]} Rxc5 {[%clk 00:06:46]} {[%emt 00:00:40]}
38. Nxc5 {[%clk 00:04:48]} {[%emt 00:00:06]} Qc4 {[%clk 00:06:14]} {[%emt
00:01:01]} 39. d6 {[%clk 00:04:11]} {[%emt 00:01:08]} Re8 {[%clk 00:06:33]}
{[%emt 00:00:12]} 40. d7 {[%clk 00:03:08]} {[%emt 00:01:32]} Rd8 {[%clk
00:06:55]} {[%emt 00:00:07]} 41. Nb7 {[%clk 00:02:33]} {[%emt 00:01:05]} Bf6
{[%clk 00:07:07]} {[%emt 00:00:18]} 42. Nxd8 {[%clk 00:02:10]} {[%emt
00:00:54]} Bxd8 {[%clk 00:07:33]} {[%emt 00:00:04]} 43. Nd6 {[%clk 00:02:26]}
{[%emt 00:00:14]} Qe6 {[%clk 00:07:41]} {[%emt 00:00:22]} 44. Nb7 {[%clk
00:02:40]} {[%emt 00:00:16]} Qe7 {[%clk 00:07:54]} {[%emt 00:00:17]} 45. Qd5
{[%clk 00:02:34]} {[%emt 00:00:35]} Qf6 {[%clk 00:07:52]} {[%emt 00:00:33]} 46.
Nxd8 {[%clk 00:02:57]} {[%emt 00:00:07]} Qxd8 {[%clk 00:08:18]} {[%emt
00:00:04]} 47. Qxe5+ {[%clk 00:03:21]} {[%emt 00:00:06]} 1-0

[Event "DEM U16w 2024"]
[Site "Willingen GER"]
[Date "2024.05.19"]
[Round "2"]
[White "Hoffmann, Sophia"]
[Black "Lorenz, Veronika"]
[Result "0-1"]
[Termination "normal"]
[Board "7"]
[WhiteElo "1692"]
[BlackElo "1858"]
[WhiteClock "00:00:35"]
[BlackClock "00:15:13"]
[PlyCount "50"]
[WhiteFideId "16259130"]
[BlackFideId "16277406"]
[EventCountry "GER"]
[EventRounds "9"]
[EventType "swiss"]
[EventDate "2024.05.18"]

1. d4 {[%clk 01:30:58]} {[%emt 00:00:01]} Nf6 {[%clk 01:30:52]} {[%emt
00:00:07]} 2. Nf3 {[%clk 01:31:20]} {[%emt 00:00:09]} g6 {[%clk 01:31:21]}
{[%emt 00:00:01]} 3. c4 {[%clk 01:31:42]} {[%emt 00:00:09]} Bg7 {[%clk
01:31:44]} {[%emt 00:00:07]} 4. e3 {[%clk 01:31:59]} {[%emt 00:00:14]} d6
{[%clk 01:32:04]} {[%emt 00:00:09]} 5. Nc3 {[%clk 01:32:16]} {[%emt 00:00:12]}
O-O {[%clk 01:32:29]} {[%emt 00:00:06]} 6. Be2 {[%clk 01:32:13]} {[%emt
00:00:33]} Nbd7 {[%clk 01:32:49]} {[%emt 00:00:09]} 7. Qc2 {[%clk 01:32:24]}
{[%emt 00:00:20]} e5 {[%clk 01:32:46]} {[%emt 00:00:33]} 8. O-O {[%clk
01:31:46]} {[%emt 00:01:08]} Re8 {[%clk 01:24:58]} {[%emt 00:08:18]} 9. b4
{[%clk 01:25:36]} {[%emt 00:06:40]} a5 {[%clk 01:14:09]} {[%emt 00:11:18]} 10.
b5 {[%clk 01:23:24]} {[%emt 00:02:43]} c6 {[%clk 01:04:07]} {[%emt 00:10:31]}
11. a4 {[%clk 01:21:43]} {[%emt 00:02:11]} Qc7 {[%clk 01:03:08]} {[%emt
00:01:27]} 12. Ba3 {[%clk 01:16:34]} {[%emt 00:05:41]} exd4 {[%clk 01:02:48]}
{[%emt 00:00:50]} 13. Nxd4 {[%clk 01:14:33]} {[%emt 00:02:32]} c5 {[%clk
00:58:48]} {[%emt 00:04:29]} 14. Nb3 {[%clk 01:11:43]} {[%emt 00:03:21]} Nb6
{[%clk 00:58:04]} {[%emt 00:01:14]} 15. Rfd1 {[%clk 01:07:22]} {[%emt
00:04:51]} Bf5 {[%clk 00:56:06]} {[%emt 00:02:28]} 16. Bd3 {[%clk 01:03:21]}
{[%emt 00:04:31]} Bxd3 {[%clk 00:54:56]} {[%emt 00:01:39]} 17. Qxd3 {[%clk
00:58:56]} {[%emt 00:04:55]} Ng4 {[%clk 00:50:28]} {[%emt 00:04:56]} 18. Bb2
{[%clk 00:48:56]} {[%emt 00:10:33]} d5 {[%clk 00:37:59]} {[%emt 00:12:58]} 19.
g3 {[%clk 00:16:22]} {[%emt 00:33:04]} dxc4 {[%clk 00:25:30]} {[%emt 00:13:00]}
20. Qe2 {[%clk 00:12:09]} {[%emt 00:04:43]} Nxe3 {[%clk 00:25:18]} {[%emt
00:00:42]} 21. fxe3 {[%clk 00:12:20]} {[%emt 00:00:18]} cxb3 {[%clk 00:25:43]}
{[%emt 00:00:05]} 22. Rf1 {[%clk 00:03:50]} {[%emt 00:09:00]} Rxe3 {[%clk
00:24:43]} {[%emt 00:01:29]} 23. Qd2 {[%clk 00:01:59]} {[%emt 00:02:22]} Bd4
{[%clk 00:24:38]} {[%emt 00:00:35]} 24. Kh1 {[%clk 00:01:30]} {[%emt 00:01:00]}
Rd8 {[%clk 00:15:47]} {[%emt 00:09:21]} 25. Ne2 {[%clk 00:00:35]} {[%emt
00:01:24]} Nc4 {[%clk 00:15:13]} {[%emt 00:01:04]} 0-1

[Event "DEM U16w 2024"]
[Site "Willingen GER"]
[Date "2024.05.19"]
[Round "2"]
[White "Neumann, Helena"]
[Black "Reddi, Bhuvana"]
[Result "0-1"]
[Termination "normal"]
[Board "8"]
[WhiteElo "1836"]
[BlackElo "1826"]
[WhiteClock "00:36:31"]
[BlackClock "00:08:23"]
[PlyCount "64"]
[WhiteFideId "16275365"]
[BlackFideId "16287002"]
[EventCountry "GER"]
[EventRounds "9"]
[EventType "swiss"]
[EventDate "2024.05.18"]

1. e4 {[%clk 01:30:58]} {[%emt 00:00:01]} e5 {[%clk 01:30:57]} {[%emt
00:00:03]} 2. Nf3 {[%clk 01:31:22]} {[%emt 00:00:06]} Nc6 {[%clk 01:31:23]}
{[%emt 00:00:04]} 3. Bc4 {[%clk 01:31:46]} {[%emt 00:00:06]} Be7 {[%clk
01:31:50]} {[%emt 00:00:03]} 4. d4 {[%clk 01:31:53]} {[%emt 00:00:23]} d6
{[%clk 01:32:15]} {[%emt 00:00:05]} 5. h3 {[%clk 01:29:22]} {[%emt 00:03:01]}
Nf6 {[%clk 01:32:22]} {[%emt 00:00:23]} 6. Nc3 {[%clk 01:27:55]} {[%emt
00:01:57]} O-O {[%clk 01:32:34]} {[%emt 00:00:18]} 7. d5 {[%clk 01:26:13]}
{[%emt 00:02:13]} Nb8 {[%clk 01:32:50]} {[%emt 00:00:14]} 8. g4 {[%clk
01:24:52]} {[%emt 00:01:50]} Nbd7 {[%clk 01:30:49]} {[%emt 00:02:31]} 9. Be3
{[%clk 01:19:35]} {[%emt 00:05:46]} Kh8 {[%clk 01:19:42]} {[%emt 00:11:36]} 10.
Qd2 {[%clk 01:17:11]} {[%emt 00:02:55]} a6 {[%clk 00:55:40]} {[%emt 00:24:32]}
11. a4 {[%clk 01:14:04]} {[%emt 00:03:37]} b6 {[%clk 00:54:16]} {[%emt
00:01:55]} 12. g5 {[%clk 01:12:04]} {[%emt 00:02:29]} Ng8 {[%clk 00:52:12]}
{[%emt 00:02:34]} 13. O-O-O {[%clk 01:09:35]} {[%emt 00:02:59]} b5 {[%clk
00:49:23]} {[%emt 00:03:19]} 14. axb5 {[%clk 01:08:53]} {[%emt 00:01:11]} axb5
{[%clk 00:49:31]} {[%emt 00:00:23]} 15. Bxb5 {[%clk 01:09:13]} {[%emt
00:00:10]} Ra1+ {[%clk 00:45:06]} {[%emt 00:04:55]} 16. Nb1 {[%clk 01:08:13]}
{[%emt 00:01:30]} f5 {[%clk 00:37:03]} {[%emt 00:08:33]} 17. exf5 {[%clk
01:05:21]} {[%emt 00:03:23]} Rxf5 {[%clk 00:37:16]} {[%emt 00:00:17]} 18. Nh4
{[%clk 01:05:14]} {[%emt 00:00:36]} Rxg5 {[%clk 00:35:38]} {[%emt 00:02:08]}
19. Be2 {[%clk 01:02:17]} {[%emt 00:03:26]} Ra4 {[%clk 00:24:25]} {[%emt
00:11:44]} 20. c4 {[%clk 00:56:19]} {[%emt 00:06:28]} Nc5 {[%clk 00:20:45]}
{[%emt 00:04:10]} 21. Bxc5 {[%clk 00:54:05]} {[%emt 00:02:44]} dxc5 {[%clk
00:21:07]} {[%emt 00:00:08]} 22. Qc2 {[%clk 00:50:25]} {[%emt 00:04:10]} Ra6
{[%clk 00:19:38]} {[%emt 00:01:59]} 23. f4 {[%clk 00:44:04]} {[%emt 00:06:51]}
exf4 {[%clk 00:13:55]} {[%emt 00:06:13]} 24. Bd3 {[%clk 00:40:02]} {[%emt
00:04:32]} Rg3 {[%clk 00:13:35]} {[%emt 00:00:50]} 25. Nf5 {[%clk 00:40:08]}
{[%emt 00:00:23]} Bxf5 {[%clk 00:13:20]} {[%emt 00:00:46]} 26. Bxf5 {[%clk
00:40:33]} {[%emt 00:00:06]} Bg5 {[%clk 00:13:24]} {[%emt 00:00:26]} 27. Na3
{[%clk 00:39:29]} {[%emt 00:01:33]} f3+ {[%clk 00:12:09]} {[%emt 00:01:45]} 28.
Kb1 {[%clk 00:39:53]} {[%emt 00:00:06]} Rg2 {[%clk 00:09:07]} {[%emt 00:03:32]}
29. Qd3 {[%clk 00:36:32]} {[%emt 00:03:51]} Qf6 {[%clk 00:09:08]} {[%emt
00:00:29]} 30. Nc2 {[%clk 00:35:49]} {[%emt 00:01:13]} Rb6 {[%clk 00:08:11]}
{[%emt 00:01:27]} 31. b4 {[%clk 00:36:13]} {[%emt 00:00:06]} Rxb4+ {[%clk
00:08:23]} {[%emt 00:00:19]} 32. Nxb4 {[%clk 00:36:31]} {[%emt 00:00:11]} Qb2#
{[%emt 00:00:06]} 0-1